书目信息 |
| 题名: |
肛肠病诊治
|
|
| 作者: | 李省吾 编著 | |
| 分册: | ||
| 出版信息: | 上海 上海医科大学出版社 2000.03 |
|
| 页数: | 202页 | |
| 开本: | 32开 | |
| 丛书名: | ||
| 单 册: | ||
| 中图分类: | R657.101 | |
| 科图分类: | ||
| 主题词: | 外科学--各论 | |
| 电子资源: | ||
| ISBN: | 7-5627-0546-1 | |
| 000 | 00551nam0 2200193 45 | |
| 001 | 0103060922 | |
| 005 | 20010306095450.6 | |
| 010 | @a7-5627-0546-1@d14.80元 | |
| 100 | @a20010306d2000 km y0chiy0120 ea | |
| 101 | 0 | @achi |
| 105 | @a z 000yy | |
| 200 | 1 | @a肛肠病诊治@AGang Chang Bing Zhen Zhi@f李省吾编著@FLi Sheng Wu Bian Zhu |
| 210 | @a上海@c上海医科大学出版社@d2000.03 | |
| 215 | @a202页@d32开 | |
| 606 | 0 | @a外科学@x各论 |
| 690 | @aR657.101@v3 | |
| 701 | 0 | @a李省吾@4编著 |
| 801 | @aCN@bPftUser@c20010306 | |
| 905 | @b326644@dR657.101@eL876@f1 | |
| 肛肠病诊治/李省吾编著.-上海:上海医科大学出版社,2000.03 |
| 202页;32开 |
| ISBN 7-5627-0546-1:14.80元 |
| ● |
| 相关链接 |
|
|
|
正题名:肛肠病诊治
索取号:R657.101/L876
 
预约/预借
| 序号 | 登录号 | 条形码 | 馆藏地/架位号 | 状态 | 备注 |
| 1 | 326644 | 203266447 | 自科库401/401自科库 19排3列5层/ [索取号:R657.101/L876] | 在馆 |